| 000 | 00816nam a22002537a 4500 | ||
|---|---|---|---|
| 005 | 20170124105917.0 | ||
| 010 | _aA-351823 | ||
| 020 |
_c160.00 _a8185176214 |
||
| 035 | _aA-351823 | ||
| 037 | _bCen Lib/Ret | ||
| 040 |
_aDPL _bEN |
||
| 082 |
_a020.16 _bTEJ |
||
| 100 |
_aTejomurty, A. _9105165 |
||
| 245 |
_aThirtythree years of annals of library science and documentation : _cby A. Tejomurty [and] K. H. Shukla _bcamulative index, 1954-1986 / |
||
| 260 |
_aRajisthan _bR. B. S. A. Publishers _c1988 |
||
| 270 |
_bJaipur _aSMS Highway |
||
| 300 |
_a187p. _c22cm(Hb) |
||
| 490 |
_aIATLIS series _v4 |
||
| 500 | _aIncludes index | ||
| 650 |
_aLibrary Science _9105166 |
||
| 650 |
_aDocumentation-Library Science _9105167 |
||
| 700 |
_aShukla, K. H. _93019 |
||
| 942 |
_2ddc _cEN _h020.16 _mTEJ |
||
| 999 |
_c122908 _d122908 |
||